000 00989nam a22002537a 4500
005 20240530110507.0
008 151012s2010 ua a bg 000 0 ara d
017 _a2010/10232
_bمصر . دار الكتب المصرية
020 _a9789773222691
040 _aEG-CaGPL
082 0 4 _221
_a953\
_bر د
100 0 _aرافت غنيمى الشيخ .
245 1 0 _aدراسات فى حضارة الامة الاسلامية /
_cرافت غنيمى الشيخ .
250 _aط1.
260 _aالقاهرة :
_bعين للدراسات و البحوث الانسانية و الاجتماعية ،
_c2010 .
300 _a301 ص ؛
_c24 سم .
504 _aيشتمل على ارجاعات ببليوجرافية
600 0 _aاسد بن الفرات .
650 0 4 _aحقوق الانسان
_zالهند .
650 0 4 _aالشريعة الانسانية .
651 0 4 _aشرق اسيا
_xتاريخ .
942 _2ddc
_cBK
999 _c61594
_d61594